Composition and properties of concrete (Record no. 330569)
[ view plain ]
| 000 -LEADER | |
|---|---|
| fixed length control field | 02028cam a2200325 4500 |
| 003 - CONTROL NUMBER IDENTIFIER | |
| control field | NUST |
| 005 - DATE AND TIME OF LATEST TRANSACTION | |
| control field | 20170720124858.0 |
| 008 - FIXED-LENGTH DATA ELEMENTS--GENERAL INFORMATION | |
| fixed length control field | 170216b xxu||||| |||| 00| 0 eng d |
| 040 ## - CATALOGING SOURCE | |
| Transcribing agency | 0 |
| 082 ## - DEWEY DECIMAL CLASSIFICATION NUMBER | |
| Classification number | 624 TRO |
| Author Mark | TRO |
| 100 1# - MAIN ENTRY--PERSONAL NAME | |
| Personal name | Troxell, George Earl, |
| 9 (RLIN) | 3509 |
| 245 10 - TITLE STATEMENT | |
| Title | Composition and properties of concrete |
| Statement of responsibility, etc. | [by] George Earl Troxell [and] Harmer E. Davis. With chapters on proportioning of concrete mixtures and strength of concrete by J.W. Kelly. |
| 260 ## - PUBLICATION, DISTRIBUTION, ETC. | |
| Place of publication, distribution, etc. | New York, |
| Name of publisher, distributor, etc. | McGraw-Hill, |
| Date of publication, distribution, etc. | 1956. |
| 300 ## - PHYSICAL DESCRIPTION | |
| Extent | 434 p. |
| Other physical details | illus. |
| Dimensions | 24 cm. |
| 490 1# - SERIES STATEMENT | |
| Series statement | McGraw-Hill civil engineering series |
| 500 ## - GENERAL NOTE | |
| General note | H.B |
| 650 #0 - SUBJECT ADDED ENTRY--TOPICAL TERM | |
| Topical term or geographic name entry element | Concrete. |
| 9 (RLIN) | 564 |
| 650 #0 - SUBJECT ADDED ENTRY--TOPICAL TERM | |
| Topical term or geographic name entry element | MCE |
| 9 (RLIN) | 379 |
| 700 1# - ADDED ENTRY--PERSONAL NAME | |
| Personal name | Davis, Harmer Elmer, |
| 9 (RLIN) | 3510 |
| 942 ## - ADDED ENTRY ELEMENTS (KOHA) | |
| Koha item type | Book |
| Source of classification or shelving scheme | |
| Call number prefix | IESE |
| Withdrawn status | Lost status | Source of classification or shelving scheme | Damaged status | Not for loan | Collection code | Permanent Location | Current Location | Shelving location | Date acquired | Total Checkouts | Full call number | Barcode | Date last seen | Price effective from | Koha item type |
|---|---|---|---|---|---|---|---|---|---|---|---|---|---|---|---|
| Institute of Environmental Science and Engineering (IESE) | Institute of Environmental Science and Engineering (IESE) | General Stacks | 07/20/2017 | 624 TRO TRO | IESE-252 | 07/20/2017 | 07/20/2017 | Book |
